It's Always Sunny Fan Quiz - Statistics

General Stats
  • This quiz has been taken 159 times
  • The average score is 10 of 16
Answer Stats
Picture Answer % Correct
The DENNIS System
89%
Rum Ham
88%
Fight Milk
84%
Chardee MacDennis
75%
Waitress
75%
Dayman
71%
The Trash Man
69%
wild card
65%
denim chicken
60%
Pepe Silvia
59%
bird
57%
Intervention!
56%
Snail
56%
Rock Flag and Eagle
46%
cultivating mass
25%
Sweet Dee
21%
No matching quizzes found
Score Distribution
Percent of People with Each Score
Percentile by Number Answered
Your Score History
You have not taken this quiz